000 00755cab a2200253 4500
001 ABS50464
008 090401t1994 xxu||||| |||| 00| 0 eng d
035 _a(Sirsi) u75907
041 _aeng
100 _aEllmore, C
245 _aEnglish house condition survey 1991
260 _c1994
350 _a0
490 _aCSM (Chartered Surveyor Monthly)
_v3(7) April 1994, 19(1)
520 _aReports on the results of the English House Condition Survey 1991 published late 1993.
650 _aCONDITION SURVEY
650 _aENGLISH HOUSE CONDITION SURVEY 1991
650 _aHOUSING STOCK
650 _aBUILT ENVIRONMENT-BUILDING MAINTENANCE AND REFURBISHMENT
650 _aREPAIRS
690 _aHOUSING
942 _n0
948 _c04/03/1997
999 _c47752
_d47752